000 00400 a2200133 4500
020 _a9788590654001 (pbk.)
020 _a8590654001 (pbk.)
041 _aspa
100 _aSimoes, Geraldo Tite
245 _aO mundo e uma roda : cronicas de moro, viagens e viagens de moto / Geraldo Tite Simoes.
260 _aSao Paulo, [Brasil] : Ed. do autor, c2006.
300 _a221 pages ;
_c21 cm
942 _cBK
999 _c21035
_d21035